000
00461nam a22001097a 4500
082
_a
658
100
_a
पराडकर,श्रीनिवास
_9
83357
245
_a
वित्तीय शक्ति पुस्तिका 2025 भाग -1 साथ में भाग- 2
260
_a
इन्दौर
_b
अमर लाॅ पब्लिकेशन
_c
2025
650
_a
वित्तीय प्रबंध
_9
83389
942
_c
C. BOOKS
999
_c
68278
_d
68278